000 00448nam a2200181Ia 4500
001 8927
005 20260306160646.0
008 260306t2013||||xx |||||||||||||| ||spa||
041 _aESP
082 _a371.926
_bO28
100 _aGrupo Océano
_eAUT
245 0 _aSoluciones educativas para las dificultades de aprendizaje
260 _c2013
300 _a421 páginas :
_c27 cm.
650 _aGEN
654 _aCED
942 _cLIB
_dJUS
_fJUS
_2ddc
_n
999 _c8927
_d8927